000 00748nam a22002057a 4500
005 20180228105546.0
010 _aB-689620
020 _a9788175363052
_c225.00
035 _aB-689620
037 _bAakar
082 _a954.02
100 _aSpear, Percival
245 _aA history of Delhi under the later Mughuls /
_cby Percival Spear
260 _aDelhi
_bLow Price Publications
_c2011(repr.)
270 _aA-6, Nimri Commerical Centre, Near Ashok Vihar Phase-IV,
_bDelhi
_e110052
300 _ax, 270p.
_c23cm(Hb)
500 _aIncludes bibliiographical references and index
942 _2ddc
_cEN
_mSPE
_h954.02
999 _c150206
_d150206